000 01061nam a2200217Ia 4500
003 Ost
005 20260416102400.0
008 260416s9999||||xx |||||||||||||| ||und||
040 _cfsecg
041 _aara
082 _a336.2
100 _aرياش، مبروك
_eمؤلف
245 0 _aمحاضرات في مقياس جباية المؤسسة :
_bموجهة لطلبة العلوم الاقتصادية والعلوم التجارية وعلوم التسيير (شعبة اقتصاد وتسيير المؤسسة) /
_c مبروك رياش
260 _aالجزائر
_bجامعة الجزائر3: كلية العلوم الإقتصادية، العلوم التجارية وعلوم التسيير
_c2022
300 _a110 ورقة
_bايضاحات
_c12 سم
504 _aالمراجع ص.107
520 _aالضرائب ، الرسوم .
653 _aالضرائب
710 _aجامعة الجزائر3: كلية العلوم الإقتصادية، العلوم التجارية وعلوم التسيير
_eناشر علمي
942 _cHANDOUT
999 _c41400
_d41400